000 00930nam a2200241Ia 4500
999 _c43776
_d43776
001 10521
003 GE_BSU
005 20230824115248.0
008 181216s2006||||ge |||||||||||||| ||geo||
020 _a9994086685
040 _cGE_BSU
041 _ageo
080 _a327 რ–81
100 _aრონდელი, ალექსანდრე
_91936
245 _aსაერთაშორისო ურთიერთობები /
_cალექსანდრე რონდელი; [რედ.: ზურაბ დავითაშვილი].
250 _aმე–3 გამოც.
264 _aთბილისი :
_bნეკერი,
_c2006.
300 _a294 გვ;
_b21სმ.
504 _aბიბლიოგრ. ტექსტ. შენიშვნ
541 _h9ლ.
653 _a საერთაშორისო ურთიერთობები
942 _cBK
_2udc